000 00242 a2200121 4500
020 _a978'1930332690
041 _aspa
100 _aOsborne, Mary Pope
245 _aMedianoche en la luna
942 _cBK
999 _c11100
_d11100
999 _d11100
999 _d11100